Zap! : Wile E. Coyote experiments with energy / by Suzanne Slade ; illustrated by Andrés Martínez Ricci.
"Uses popular cartoon character Wile E. Coyote to demonstrate science concepts involved with energy"--Provided by publisher."-- Provided by publisher.
Record details
- ISBN: 9781476542232 (library binding)
- ISBN: 1476542236 (library binding)
- ISBN: 9781476552149 (pbk.)
- ISBN: 1476552142 (pbk.)
- Physical Description: 32 pages : color illustrations ; 24 cm.
- Publisher: North Mankato, Minnesota : An imprint of Capstone Press, 2014.
Content descriptions
| Bibliography, etc. Note: | Includes bibliographical references and index. |
| Target Audience Note: | Ages 10-12. Grades 4 to 6. |
Search for related items by subject
Search for related items by series
Available copies
- 1 of 1 copy available at scottsboropl.
Holds
- 0 current holds with 1 total copy.
Show All Copies
| Location | Call Number / Copy Notes | Barcode | Shelving Location | Status | Due Date |
|---|---|---|---|---|---|
| scottsboropl | E 531.6 Sla | 32269000941131 | Juvenile - Easy NonFiction | Available | - |
| LDR | 01840nam a2200445 i 4500 | ||
|---|---|---|---|
| 001 | 137014 | ||
| 003 | CONS | ||
| 005 | 20140703073309.0 | ||
| 008 | 130912s2014 mnua j b 001 0 eng c | ||
| 010 | . | ‡a 2013037000 | |
| 020 | . | ‡a9781476542232 (library binding) | |
| 020 | . | ‡a1476542236 (library binding) | |
| 020 | . | ‡a9781476552149 (pbk.) | |
| 020 | . | ‡a1476552142 (pbk.) | |
| 035 | . | ‡a(CPomAG)LMN565935 | |
| 050 | 0 | 0. | ‡aQC73.4 ‡b.S57 2014 |
| 082 | 0 | 4. | ‡a531.6 ‡223 |
| 100 | 1 | . | ‡aSlade, Suzanne, ‡eauthor. |
| 245 | 1 | 0. | ‡aZap! : ‡bWile E. Coyote experiments with energy / ‡cby Suzanne Slade ; illustrated by Andrés Martínez Ricci. |
| 246 | 3 | 0. | ‡aWile E. Coyote experiments with energy |
| 246 | 3 | 0. | ‡aExperiments with energy |
| 264 | 1. | ‡aNorth Mankato, Minnesota : ‡bAn imprint of Capstone Press, ‡c2014. | |
| 300 | . | ‡a32 pages : ‡bcolor illustrations ; ‡c24 cm. | |
| 336 | . | ‡atext ‡2rdacontent | |
| 337 | . | ‡aunmediated ‡2rdamedia | |
| 338 | . | ‡avolume ‡2rdacarrier | |
| 490 | 0 | . | ‡aWarner Brothers. Wile E. Coyote, physical science genius. |
| 504 | . | ‡aIncludes bibliographical references and index. | |
| 520 | . | ‡a"Uses popular cartoon character Wile E. Coyote to demonstrate science concepts involved with energy"--Provided by publisher."-- ‡cProvided by publisher. | |
| 521 | 1 | . | ‡aAges 10-12. |
| 521 | 2 | . | ‡aGrades 4 to 6. |
| 650 | 0. | ‡aForce and energy ‡vJuvenile literature. | |
| 650 | 0. | ‡aForce and energy ‡xExperiments ‡vJuvenile literature. | |
| 650 | 0. | ‡aScience projects ‡vJuvenile literature. | |
| 650 | 0. | ‡aWile E. Coyote (Fictitious character) ‡vJuvenile literature. | |
| 700 | 1 | . | ‡aRicci, Andrés Martínez. |
| 710 | 2 | . | ‡aWarner Bros. |
| 914 | . | ‡aSCP_jd | |
| 959 | . | ‡i32269000941131 ‡lJ531.6 Sla ‡aJuvenile - NonFiction ‡tJuv Nonfiction ‡g23.00 | |
| 852 | . | ‡p32269000941131 ‡jJ531.6 Sla ‡gJuvenile - NonFiction ‡cJuv Nonfiction ‡y23.00 ‡bSBPL | |
| 901 | . | ‡a137014 ‡bUnknown ‡c137014 ‡tbiblio | |